The color of fascism (Record no. 138997)
[ view plain ]
| 000 -LEADER | |
|---|---|
| fixed length control field | 01929nam a2200397 a 4500 |
| 082 04 - DEWEY DECIMAL CLASSIFICATION NUMBER | |
| Classification number | 335.6092 |
| -- | B |
| 100 1# - MAIN ENTRY--AUTHOR NAME | |
| Personal name | Horne, Gerald. |
| 245 14 - TITLE STATEMENT | |
| Title | The color of fascism |
| 260 ## - PUBLICATION, DISTRIBUTION, ETC. (IMPRINT) | |
| Place of publication | New York : |
| Name of publisher | New York University Press, |
| Year of publication | c2006. |
| 300 ## - PHYSICAL DESCRIPTION | |
| Number of Pages | xxiv, 229 p. : |
| Other physical details | ill. |
| 505 0# - FORMATTED CONTENTS NOTE | |
| Formatted contents note | Introduction: More than passing strange -- Passing fancy? -- Passing through -- Fascism -- The face--of fascism -- Fascism and betrayal -- Approaching disaster -- Framing a guilty man? -- Fascism on trial -- A trial on trial -- After the fall -- An isolationist isolated? -- Passing on. |
| 650 #0 - SUBJECT ADDED ENTRY--TOPICAL TERM | |
| Topical Term | Fascists |
| Topical Term | Right-wing extremists |
| Topical Term | African Americans |
| Topical Term | Passing (Identity) |
| Topical Term | Radicalism |
| Topical Term | Isolationism |
| 856 40 - ELECTRONIC LOCATION AND ACCESS | |
| Uniform Resource Identifier | http://site.ebrary.com/lib/rucke/Doc?id=10170583 |
No items available.
